LEADER 04223 am 2200769 n 450 001 9910495667103321 005 20201202 010 $a2-35412-402-3 024 7 $a10.4000/books.pupvd.28217 035 $a(CKB)4100000011892563 035 $a(FrMaCLE)OB-pupvd-28217 035 $a(oapen)https://directory.doabooks.org/handle/20.500.12854/86636 035 $a(PPN)254947182 035 $a(EXLCZ)994100000011892563 100 $a20210420j|||||||| ||| 0 101 0 $afre 135 $auu||||||m|||| 181 $ctxt$2rdacontent 182 $cc$2rdamedia 183 $acr$2rdacarrier 200 12$aL?histoire et le patrimoine de la société industrielle en Languedoc-Roussillon - Catalogne $eLes enjeux de la recherche et de la conservation /$fEsteban Castañer Muñoz, Nicolas Marty 210 $aPerpignan $cPresses universitaires de Perpignan$d2020 215 $a1 online resource (272 p.) 225 1 $aÉtudes 311 $a2-35412-014-1 330 $aL?étude du patrimoine industriel est née, dans le courant du 20e siècle, comme une « archéologie » ayant comme objectifs premiers la mise en place de l?inventaire et la sauvegarde matérielle ou documentaire du patrimoine bâti et technologique. Cette vocation de sauvegarde des friches industrielles et des machines n?a cessé d?évoluer vers une approche de plus en plus intégrale des paysages, des cadres de vie, des objets, du patrimoine iconographique, et même de l?imaginaire des sociétés industrielles. Cette perspective est nécessairement liée à l?histoire économique, qui explique comment sont produits les éléments considérés maintenant comme un héritage. Le Languedoc Roussillon, au riche passé industriel, dispose sans aucun doute possible d?un patrimoine industriel et technique qui mérite d?être mieux connu. Pour cela, il apparaît naturel d?intégrer la région dans l?espace dans lequel elle s?insère : la méditerranée occidentale. La mise en perspective par rapport au Principat catalan est logique : cet espace voisin dispose d?un savoir faire très avancé dans l?histoire économique et dans la mise en valeur d?un patrimoine industriel de premier ordre. Cet ouvrage se propose de faire le point sur quelques éléments d?histoire de la société industrielle, mais aussi sur des stratégies de conservation et de mise en valeur (muséographie et tourisme industriel). Il aborde les paysages de la société industrielle et évoque quelques projets de valorisation de ce patrimoine dans la région. 606 $aHistory 606 $aindustrie 606 $aCatalogne 606 $aLanguedoc-Roussillon 606 $aarchéologie industrielle 610 $aindustrie 610 $aCatalogne 610 $aLanguedoc-Roussillon 610 $aarchéologie industrielle 615 4$aHistory 615 4$aindustrie 615 4$aCatalogne 615 4$aLanguedoc-Roussillon 615 4$aarchéologie industrielle 700 $aBosc$b Jean-Claude$01321335 701 $aCastañer Muñoz$b Esteban$01321336 701 $aCotte$b Michel$01321337 701 $aDorel-Ferré$b Gracia$01321338 701 $aEscande$b Sébastien$01321339 701 $aEscudier$b Jean-Louis$01234018 701 $aFradet$b Emmanuelle$01321340 701 $aHurtado Borrell$b Cécile$01321341 701 $aLamoureux$b David$01321342 701 $aLópez Arrébola$b Vanesa$01321343 701 $aLópez Arrébola$b Vanessa$01321344 701 $aMarty$b Nicolas$01282850 701 $aMoya$b Susanna$01321345 701 $aNúñez Romero Balmas$b Gregorio$01321346 701 $aOgáyar Fernandez$b Blas$01321347 701 $aPeeters$b Johanna$01321348 701 $aPraca$b Edwige$01310563 701 $aSerra Rotés$b Rosa$01321349 701 $aVilanova$b Antoni$01321350 701 $aWienin$b Michel$01321351 701 $aCastañer Muñoz$b Esteban$01313976 701 $aMarty$b Nicolas$01282850 801 0$bFR-FrMaCLE 906 $aBOOK 912 $a9910495667103321 996 $aL?histoire et le patrimoine de la société industrielle en Languedoc-Roussillon - Catalogne$93034572 997 $aUNINA LEADER 03302nam 2200493 450 001 9910796196103321 005 20231110214425.0 010 $a2-8062-5148-6 035 $a(CKB)3790000000017713 035 $a(EBL)2072612 035 $a(OCoLC)912233229 035 $a(MiAaPQ)EBC2072612 035 $a(Au-PeEL)EBL2072612 035 $a(PPN)249695987 035 $a(EXLCZ)993790000000017713 100 $a20220518d2011 uy 1 101 0 $afre 135 $aur|n|---||||| 181 $ctxt$2rdacontent 182 $cc$2rdamedia 183 $acr$2rdacarrier 200 10$aBonjour Tristesse de Franc?oise Sagan (Analyse de L'oeuvre) $eComprendre la Litterature Avec LePetitLitteraire. fr /$fDominique Coutant-Defer, Pierre-Maximilien Jenoudet 210 1$aCork, Ireland :$cLemaitre Publishing,$d[2011] 210 4$d©2011 215 $a1 online resource (24 p.) 225 1 $aFiche de Lecture 300 $aDescription based upon print version of record. 311 $a2-8062-5192-3 330 $aDe?cryptez Bonjour tristesse de Franc?oise Sagan avec l'analyse du PetitLitteraire.fr ! Que faut-il retenir de Bonjour tristesse, le roman culte de la litte?rature du XXe sie?cle ? Retrouvez tout ce que vous devez savoir sur cette ?uvre dans une fiche de lecture comple?te et de?taille?e. Vous trouverez notamment dans cette fiche : Un re?sume? complet Une pre?sentation des personnages principaux tels que Ce?cile, Raymond et Anne Une analyse des spe?cificite?s de l'?uvre : un roman psychologique, un roman teinte? d'existentialisme et la re?ception du roman Une analyse de re?fe?rence pour comprendre rapidement le sens de l'?uvre. LE MOT DE L'E?DITEUR :  « Dans cette nouvelle e?dition de notre analyse de Bonjour tristesse (2014), avec Dominique Coutant, nous fournissons des pistes pour de?coder ce chef d'?uvre incontournable de la litte?rature franc?aise contemporaine. Notre analyse permet de faire rapidement le tour de l'?uvre et d'aller au-dela? des cliche?s. » Ste?phanie FELTEN A? propos de la collection LePetitLitteraire.fr : Ple?biscite? tant par les passionne?s de litte?rature que par les lyce?ens, LePetitLitte?raire.fr est conside?re? comme une re?fe?rence en matie?re d'analyse d'?uvres classiques et contemporaines. Nos analyses, disponibles au format papier et nume?rique, ont e?te? conc?ues pour guider les lecteurs a? travers la litte?rature. Nos auteurs combinent the?ories, citations, anecdotes et commentaires pour vous faire de?couvrir et rede?couvrir les plus grandes ?uvres litte?raires.  LePetitLitte?raire.fr est reconnu d'inte?re?t pe?dagogique par le ministe?re de l'E?ducation. Plus d'informations sur http://www.lepetitlitteraire.fr. 410 0$aFiche de Lecture 606 $aFrench fiction$y21st century 606 $aFathers and daughters$vFiction 615 0$aFrench fiction 615 0$aFathers and daughters 676 $a843.0108 700 $aCoutant-Defer$b Dominique$01112765 702 $aJenoudet$b Pierre-Maximilien 801 0$bMiAaPQ 801 1$bMiAaPQ 801 2$bMiAaPQ 906 $aBOOK 912 $a9910796196103321 996 $aBonjour Tristesse de Franc?oise Sagan (Analyse de L'oeuvre)$93776133 997 $aUNINA